000 00546nam a2200193 a 4500
001 1771666395058
003 YourLibrary
005 20260221150457.0
008 260221s1993##################000#0#eng##
020 _a9781852788919
082 0 4 _a338.6048
_bAND
100 1 _aAndrews, Philip Walter Sawford,
_eauthor.
245 1 0 _aThe Economics of Competitive Enterprise :
260 _bEdward Elgar Publishing,
_c1993.
300 _a470 pages
650 0 _aBusiness & Economics.
942 _cENGLISH
040 _aYourLibrary
_beng
_cYourLibrary
999 _c615373
_d615373